000 00853 a2200193 4500
005 20240802144415.0
010 _aB-758947
020 _a9789395213097
_c350.00
035 _aB-758947
037 _bउपहार
082 _a
100 _aभोला, रचना
_969322
245 _aप्रेरणादायक बाल कथाएँ/
_cरचना भोला
260 _aफरीदाबाद
_bउत्कृष्ट साहित्य सदन
_c2022
270 _a750 IST फ्लोर कविता नुर्सिंग होम के पास सेक्टर-29
_bफरीदाबाद
_e121008
300 _a72 पृष्ठ.;
_c25cm. (आजिल्द)
942 _adpl
_cCH
_2ddc
_h
_mभोलार
999 _c202676
_d202676